| 000 | 00560nam a22001817a 4500 | ||
|---|---|---|---|
| 003 | LK-CoDNM | ||
| 005 | 20241219104455.0 | ||
| 008 | 241219b |||||||| |||| 00| 0 eng d | ||
| 040 |
_aLK-CoDNM _dLK-CoDNM _eLK-CoDNM |
||
| 041 | _aeng | ||
| 080 |
_a2a _bE9 |
||
| 245 | _aAnnual report of the board of regents of the Smithsonian institution, showing the operations, expenditures, and condition of the institution | ||
| 260 |
_aWashington _bGovernment printing office _c1909 |
||
| 300 | _b141p. ; 24 cm | ||
| 650 | _a1909 | ||
| 650 | _aScience | ||
| 942 | _cBK | ||
| 999 |
_c233569 _d233569 |
||